000 00590nam a2200217Ia 4500
003 OSt
005 20220928143410.0
006 a|||||r|||| 00| 0
007 ta
008 220927b |||||||| |||| 00| 0 eng d
024 _a21979
037 _cTextual
040 _aSDCL
_cSDCL
_beng
041 _2eng
_aeng
082 _aE9G,92Z2:f3, P2
100 _aGplemis Erica Ed.
_9505331
245 0 _aProtein-protein interactions
_b A molecular cloning manual.
260 _c2002
942 _hE9G,92Z2:f3, P2
_cTEXL
_2CC
999 _c824001
_d824001